الأربعين في نكاح المسلمين / (رقم التسجيلة. 1791)

تفاصيل مارك
000 -LEADER
fixed length control field 00489nam a22001817a 4500
005 - DATE AND TIME OF LATEST TRANSACTION
control field 20251108164027.0
008 - FIXED-LENGTH DATA ELEMENTS--GENERAL INFORMATION
fixed length control field 250721s1999 xx 000 0 ara d
082 14 - DEWEY DECIMAL CLASSIFICATION NUMBER
Classification number 216,5/طه
100 1# - MAIN ENTRY--PERSONAL NAME
Personal name طه، أحمد عاهد أحمد
245 10 - TITLE STATEMENT
Title الأربعين في نكاح المسلمين /
264 1# - PRODUCTION, PUBLICATION, DISTRIBUTION, MANUFACTURE, AND COPYRIGHT NOTICE
Place of production, publication, distribution, manufacture عمان :
Name of producer, publisher, distributor, manufacturer دار القراء،
Date of production, publication, distribution, manufacture, or copyright notice 1999.
300 ## - PHYSICAL DESCRIPTION
Extent ج1.
650 17 - SUBJECT ADDED ENTRY--TOPICAL TERM
Topical term or geographic name as entry element الإسلام
650 17 - SUBJECT ADDED ENTRY--TOPICAL TERM
Topical term or geographic name as entry element الفقه
650 17 - SUBJECT ADDED ENTRY--TOPICAL TERM
Topical term or geographic name as entry element الزواج
942 ## - ADDED ENTRY ELEMENTS (KOHA)
Source of classification or shelving scheme Dewey Decimal Classification
Koha item type كتب
المقتنيات
حالة السحب حالة الفقدان مصدر التصنيف حالة التلف غير قابل للإعارة المكتبة الرئيسية المكتبة الحالية موقع الرف تاريخ التزويد الرقم المتسلسل Total Checkouts رقم الإستدعاء الباركود تاريخ آخر ظهور تاريخ الفاتورة نوع المادة (كوها)
    Dewey Decimal Classification     مكتبة أبو علندا العامة مكتبة أبو علندا العامة الإعارة 06/07/2004 377585   216,5/طه 377585 28/07/2025 06/07/2004 كتب
    Dewey Decimal Classification     مكتبة أم قصير والمقابلين العامة مكتبة أم قصير والمقابلين العامة الإعارة 06/07/2004 370584   216,5/طه 370584 28/07/2025 06/07/2004 كتب
    Dewey Decimal Classification Unchecked   مكتبة الجويدة مكتبة الجويدة الإعارة 06/07/2004 370580   216,5/طه   28/07/2025 06/07/2004 كتب
    Dewey Decimal Classification     مكتبة الحسن العامة مكتبة الحسن العامة الإعارة 06/07/2004 370581   216,5/طه 370581 28/07/2025 06/07/2004 كتب
    Dewey Decimal Classification     مكتبة حمزة العامة مكتبة حمزة العامة الإعارة 06/07/2004 370582   216,5/طه 370582 28/07/2025 06/07/2004 كتب
    Dewey Decimal Classification     مكتبة صويلح العامة مكتبة صويلح العامة الإعارة 06/07/2004 370577   216,5/طه 370577 28/07/2025 06/07/2004 كتب
    Dewey Decimal Classification Unchecked   مكتبة وادي السير العامة مكتبة وادي السير العامة الإعارة 06/07/2004 370586   216,5/طه   28/07/2025 06/07/2004 كتب
Implemented & Customized by: BBB with SCIT (Smart Chains for Information Technology)

Powered by Koha